[Event "?"]
[Site "?"]
[Date "2009.12.28"]
[Round "4.1"]
[White "Rietze, Clemens"]
[Black "Welz, Peter"]
[Result "1-0"]
[WhiteElo "2186"]
[BlackElo "2090"]
[PlyCount "97"]
[EventDate "2010.??.??"]

1. e4 e6 2. d4 d5 3. Nd2 dxe4 4. Nxe4 Qd5 5. Nc3 Bb4 6. Nf3 Nf6 7. Bd2 Bxc3 8.
bxc3 Ne4 9. c4 Qd6 10. c5 Qe7 11. Be3 b6 12. Bd3 Bb7 13. Ne5 bxc5 14. Qb1 Bd5
15. c4 f6 16. cxd5 fxe5 17. Qb7 O-O 18. Bxe4 Nd7 19. dxc5 Qh4 20. dxe6 Rab8 21.
Qc6 Nf6 22. e7 Rfe8 23. Bd5+ Kh8 24. O-O Rxe7 25. g3 Qg4 26. Bg2 h5 27. h4 Rf8
28. Bg5 Re6 29. Qxc7 Nh7 30. Rae1 Nxg5 31. hxg5 Qxg5 32. Qd7 Re7 33. Qh3 Ref7
34. Re2 g6 35. Qh4 Qf5 36. Qe4 Re7 37. Qxf5 gxf5 38. c6 Kg7 39. Rc1 Rc8 40. Rd2
e4 41. Bh3 Kf6 42. Rc5 e3 43. fxe3 Rxe3 44. Rxf5+ Ke7 45. Rd7+ Ke8 46. Rg5 Kf8
47. c7 Ree8 48. Rgg7 Re3 49. Rdf7+ 1-0

[Event "?"]
[Site "?"]
[Date "2010.12.28"]
[Round "4.2"]
[White "Cusnariov, Nicolai"]
[Black "Witt, Ronald"]
[Result "1-0"]
[WhiteElo "2173"]
[BlackElo "2085"]
[PlyCount "81"]
[EventDate "2010.??.??"]

1. e4 c6 2. d4 d5 3. Nd2 dxe4 4. Nxe4 Bf5 5. Ng3 Bg6 6. h4 h6 7. Nf3 Nd7 8. h5
Bh7 9. Bd3 Bxd3 10. Qxd3 Qc7 11. Bd2 e6 12. O-O-O O-O-O 13. Kb1 Ngf6 14. Qe2
Bd6 15. Ne4 Bf4 16. Bb4 Nxe4 17. Qxe4 Nf6 18. Qe2 Nd5 19. Ba3 Bd6 20. Bxd6 Rxd6
21. Ne5 Nf6 22. Rh3 Rhd8 23. Rhd3 Qe7 24. c4 Nd7 25. c5 Rd5 26. Nc4 Nf6 27.
Nd6+ Kb8 28. Rb3 Rd7 29. g4 Ne8 30. Nc4 Qf6 31. Ne5 Rc7 32. Rf3 Qe7 33. Nxf7
Nf6 34. Nd6 e5 35. Re3 Qd7 36. dxe5 Rxd1+ 37. Qxd1 Qxg4 38. Rf3 Qxh5 39. exf6
gxf6 40. Qe1 a6 41. Qe8+ 1-0

[Event "?"]
[Site "?"]
[Date "2009.12.28"]
[Round "4.3"]
[White "Gebigke, Martin"]
[Black "Illner, Kristof"]
[Result "0-1"]
[WhiteElo "2231"]
[BlackElo "2104"]
[PlyCount "122"]
[EventDate "2010.??.??"]

1. d4 d5 2. c4 c6 3. Nf3 Nf6 4. Nc3 dxc4 5. a4 Bf5 6. Ne5 e6 7. g3 Ne4 8. Bg2
Bb4 9. O-O Nxc3 10. bxc3 Bxc3 11. Ba3 a5 12. Nxc4 Bb4 13. e4 Bg6 14. Bb2 O-O
15. h4 f6 16. h5 Bf7 17. h6 g6 18. Qe2 Nd7 19. f4 Nb6 20. Ne3 Re8 21. g4 Bf8
22. g5 f5 23. Qc2 fxe4 24. Bxe4 Nd5 25. Ng4 Be7 26. Rab1 Qc7 27. Qf2 Rf8 28.
Ne5 Bd6 29. Qg3 Qe7 30. Bg2 Qc7 31. Rbe1 b5 32. Rc1 Bxe5 33. fxe5 b4 34. Bxd5
exd5 35. Rf6 Be8 36. Rxf8+ Kxf8 37. Rf1+ Kg8 38. Qf4 Qe7 39. Qg3 Bd7 40. Rf6
Rf8 41. Qf4 Rxf6 42. gxf6 Qe6 43. Bc1 Kf7 44. Qf3 Qf5 45. Qxf5 Bxf5 46. Kf2 Bc2
47. Ke3 Bxa4 48. Kf4 Ke6 49. Bd2 Bb5 50. Kg5 Ba6 51. Kf4 Bc8 52. Kg5 Bd7 53.
Kf4 Be8 54. Kg5 c5 55. dxc5 Kxe5 56. c6 Ke6 57. c7 Bd7 58. Bc1 Bc8 59. Bd2 Bb7
60. Bf4 d4 61. Bd2 b3 0-1

[Event "?"]
[Site "?"]
[Date "2009.12.28"]
[Round "4.4"]
[White "Schulz, Wolfgang"]
[Black "Barna, André"]
[Result "1/2-1/2"]
[WhiteElo "2111"]
[BlackElo "2168"]
[PlyCount "32"]
[EventDate "2010.??.??"]

1. e4 g6 2. d4 Bg7 3. Nf3 d6 4. Be3 Nd7 5. Bc4 Nb6 6. Bb3 a5 7. c3 h5 8. a3 c6
9. Nbd2 Bg4 10. h3 Bxf3 11. Qxf3 e6 12. Rd1 Nc8 13. Qe2 Bh6 14. d5 a4 15. Ba2
Bxe3 16. Qxe3 cxd5 1/2-1/2

[Event "?"]
[Site "?"]
[Date "2009.12.28"]
[Round "4.5"]
[White "Hein, Carsten"]
[Black "Godoj, Veit"]
[Result "1-0"]
[WhiteElo "2127"]
[BlackElo "2072"]
[PlyCount "53"]
[EventDate "2010.??.??"]

1. e4 c5 2. Nf3 g6 3. c3 Bg7 4. d4 cxd4 5. cxd4 d5 6. e5 Bg4 7. Nc3 Nc6 8. Be2
a6 9. Be3 e6 10. O-O Nge7 11. b4 O-O 12. Bg5 Bxf3 13. Bxf3 Qb6 14. Na4 Qa7 15.
Bg4 Rfe8 16. Be3 Nxb4 17. Rb1 Nbc6 18. Nb6 Rad8 19. Bg5 Na5 20. Qf3 Nac6 21.
Rfd1 a5 22. Qh3 Nb4 23. Na4 b5 24. Nc3 h5 25. Be2 Rb8 26. Nxb5 Nf5 27. Nxa7 1-0

[Event "?"]
[Site "?"]
[Date "2009.12.28"]
[Round "4.6"]
[White "Allgaier, Erik"]
[Black "Bauer, Norbert"]
[Result "1-0"]
[WhiteElo "2073"]
[BlackElo "2064"]
[PlyCount "61"]
[EventDate "2010.??.??"]

1. d4 Nf6 2. Nf3 e6 3. e3 c5 4. Bd3 b6 5. O-O Bb7 6. c4 d6 7. Nc3 Nbd7 8. b3
Be7 9. Bb2 cxd4 10. exd4 O-O 11. Qe2 a6 12. Rad1 Re8 13. Bb1 Nf8 14. Rfe1 Qc7
15. Qd3 Ng6 16. Bc1 Rac8 17. Bd2 Qb8 18. Ng5 d5 19. Qh3 dxc4 20. Rxe6 h6 21.
Nxf7 Kxf7 22. Rxf6+ gxf6 23. Qxh6 Nf8 24. Qh5+ Kg8 25. Bh6 Red8 26. Qg4+ Kf7
27. Qg7+ Ke8 28. Re1 Qd6 29. Qxf8+ Kd7 30. Bf5+ Kc7 31. Qxe7+ 1-0

[Event "?"]
[Site "?"]
[Date "2009.12.28"]
[Round "4.7"]
[White "Sicora, Carsten"]
[Black "Trenner, Rolf"]
[Result "0-1"]
[WhiteElo "1926"]
[BlackElo "2280"]
[PlyCount "82"]
[EventDate "2010.??.??"]

1. e4 e5 2. Nf3 Nc6 3. Bb5 a6 4. Bxc6 dxc6 5. O-O f6 6. d4 exd4 7. Nxd4 c5 8.
Nb3 Qxd1 9. Rxd1 Bd6 10. Na5 b5 11. c4 Ne7 12. Be3 Rb8 13. Nc3 Be6 14. e5 fxe5
15. Ne4 bxc4 16. Nxd6+ cxd6 17. Rxd6 Kf7 18. Rxa6 Rhc8 19. Ra7 Kf6 20. Ra6 Kf7
21. Ra7 Kf8 22. Nb7 Nc6 23. Bxc5+ Kg8 24. Nd6 Nxa7 25. Bxa7 Rxb2 26. Nxc8 Bxc8
27. Be3 c3 28. Rc1 c2 29. a3 Bf5 30. f3 Kf7 31. Kf2 Ke6 32. Ke1 Kd5 33. Bd2 Kc4
34. Bb4 Bd7 35. Bd2 Kd3 36. Bb4 Rb1 37. Bd2 Be6 38. h3 Bd7 39. Bg5 h6 40. Bd2
Bc6 41. h4 Be8 0-1

[Event "?"]
[Site "?"]
[Date "2009.12.28"]
[Round "4.8"]
[White "Osvath, Zoltan"]
[Black "Schrodt, Sebastian"]
[Result "0-1"]
[WhiteElo "1900"]
[BlackElo "2054"]
[PlyCount "68"]
[EventDate "2010.??.??"]

1. d4 {[%emt 0:00:00]} Nf6 {[%emt 0:00:00]} 2. c4 c5 3. e3 d6 4. Nf3 g6 5. Nc3
Nbd7 6. Bd3 Bg7 7. O-O O-O 8. Qc2 a6 9. a3 Qc7 10. b3 b6 11. Bb2 Bb7 12. d5 e6
13. e4 exd5 14. exd5 Rae8 15. Rae1 Qd8 16. Bc1 Ng4 17. Ne4 Nde5 18. Nxe5 Nxe5
19. Bf4 Bc8 20. Re2 f5 21. Ng3 Qh4 22. Bc1 f4 23. Re4 Ng4 24. h3 fxg3 25. fxg3
Qxg3 26. hxg4 Bd4+ 27. Rxd4 Rxf1+ 28. Bxf1 cxd4 29. g5 Bf5 30. Qd1 Re1 31. Qxd4
Bd3 32. Qf6 Rxf1+ 33. Qxf1 Bxf1 34. Kxf1 Qxb3 0-1

[Event "?"]
[Site "?"]
[Date "2009.12.28"]
[Round "4.9"]
[White "Wiezer, Siegfried"]
[Black "Brinckmann, Dieter"]
[Result "1-0"]
[WhiteElo "2037"]
[BlackElo "1819"]
[PlyCount "68"]
[EventDate "2010.??.??"]

1. d4 Nf6 2. Nf3 e6 3. Bg5 Be7 4. c4 O-O 5. Nc3 b6 6. e4 d6 7. Be2 Nbd7 8. Qc2
h6 9. Bh4 Bb7 10. O-O Nh5 11. Bxe7 Qxe7 12. g3 Nhf6 13. Nh4 Nh7 14. f4 g5 15.
Ng2 f5 16. exf5 Rxf5 17. Bd3 Rf7 18. Be4 c6 19. Rae1 Nhf6 20. fxg5 hxg5 21. Bf5
Nf8 22. Bg6 Rg7 23. Bd3 Re8 24. Ne3 Qd7 25. Rxf6 c5 26. dxc5 dxc5 27. Rd1 Qe7
28. Ng4 Rd8 29. Be4 Bxe4 30. Nxe4 Nh7 31. Rxd8+ Qxd8 32. Nh6+ Kh8 33. Nf7+ Rxf7
34. Rxf7 Qd4+ 1-0

[Event "?"]
[Site "?"]
[Date "2009.12.28"]
[Round "4.10"]
[White "Binder, Thomas"]
[Black "Bernhoeft, Erhard"]
[Result "1-0"]
[WhiteElo "1894"]
[BlackElo "2021"]
[PlyCount "71"]
[EventDate "2010.??.??"]

1. e4 c5 2. d4 cxd4 3. c3 dxc3 4. Nxc3 Nc6 5. Nf3 e6 6. Bc4 Qc7 7. Nb5 Qb8 8.
O-O a6 9. Nc3 Nf6 10. Qe2 Ng4 11. g3 h5 12. h3 Nge5 13. Bf4 d6 14. Bxe5 dxe5
15. Rfd1 Be7 16. Rac1 O-O 17. h4 Bf6 18. Ng5 g6 19. Kg2 Nd4 20. Qe3 b5 21. Bd3
Bb7 22. Ne2 Qd8 23. Bb1 Qe7 24. Nf3 Nxe2 25. Qxe2 Rfd8 26. Qe3 Qb4 27. b3 Rxd1
28. Rxd1 Rc8 29. Rd7 Bc6 30. Ra7 Ra8 31. Rc7 Be8 32. Rc5 Rd8 33. Nxe5 Rd4 34.
Nd3 Rxd3 35. Bxd3 Bd4 36. Qg5 {ZU} 1-0

[Event "?"]
[Site "?"]
[Date "2009.12.28"]
[Round "4.11"]
[White "Scholz, Ralf-Dieter"]
[Black "Rackowiak, Hans"]
[Result "1-0"]
[WhiteElo "1885"]
[BlackElo "1987"]
[PlyCount "79"]
[EventDate "2010.??.??"]

1. Nf3 Nf6 2. g3 d5 3. Bg2 c5 4. c4 Nc6 5. cxd5 Nxd5 6. O-O g6 7. d4 cxd4 8.
Nxd4 Bg7 9. Nb5 a6 10. Qxd5 axb5 11. Qxb5 Qc7 12. Nc3 Bxc3 13. bxc3 Ra5 14. Qb2
O-O 15. Bh6 Re8 16. Be3 Qe5 17. a4 Qh5 18. f4 e5 19. Bf3 Qh6 20. Bd2 e4 21. Bg2
Qh5 22. Be3 Qf5 23. Bb6 Rd5 24. c4 Rd7 25. Qc3 Re6 26. a5 Red6 27. Be3 Nd4 28.
Kf2 Qg4 29. Rfe1 Qe6 30. c5 Rd5 31. Ra4 Nxe2 32. Rxe2 Rd3 33. Qe5 Qxe5 34. fxe5
f5 35. exf6 Rf7 36. Rxe4 Rxf6+ 37. Ke1 Bd7 38. Re7 Ba4 39. Rd2 Rc3 40. Rd8+ 1-0

[Event "?"]
[Site "?"]
[Date "2009.12.28"]
[Round "4.12"]
[White "Schiffermueller, Stefan"]
[Black "Kliem, Helmut"]
[Result "1/2-1/2"]
[WhiteElo "1963"]
[BlackElo "1846"]
[PlyCount "97"]
[EventDate "2010.??.??"]

1. e4 c5 2. Nf3 Nc6 3. d4 cxd4 4. Nxd4 Nf6 5. Nc3 e5 6. Ndb5 d6 7. Bg5 a6 8.
Na3 b5 9. Bxf6 gxf6 10. Nd5 Bg7 11. c4 O-O 12. cxb5 Nd4 13. Bd3 f5 14. O-O fxe4
15. Bxe4 Rb8 16. b6 f5 17. Bd3 Bb7 18. Bc4 Kh8 19. Nc2 Nxc2 20. Qxc2 Bxd5 21.
Bxd5 Qxb6 22. b3 Rbc8 23. Qd2 Rc7 24. Rac1 Rfc8 25. Be6 Rxc1 26. Rxc1 Rf8 27.
Qg5 d5 28. Bxf5 Bh6 29. Qh5 Qf6 30. Rf1 Qxf5 31. Qxh6 Rf6 32. Qc1 d4 33. f3 Rf8
34. Qc6 Rc8 35. Qxa6 Rc2 36. Qa8+ Kg7 37. Rd1 Qg5 38. Qb7+ Kh6 39. f4 Qxf4 40.
Rf1 Rc1 41. Qf3 Rxf1+ 42. Kxf1 Qc1+ 43. Kf2 Qc2+ 44. Kg3 Qg6+ 45. Qg4 Qd3+ 46.
Kh4 Qe3 47. Qg3 Qe4+ 48. Qg4 Qe3 49. Qg3 1/2-1/2

[Event "?"]
[Site "?"]
[Date "2009.12.28"]
[Round "4.14"]
[White "Ulrich, Gert"]
[Black "Lenz, Tobias"]
[Result "0-1"]
[WhiteElo "1753"]
[BlackElo "1929"]
[PlyCount "54"]
[EventDate "2010.??.??"]

1. d4 e6 2. c4 d5 3. Nf3 c6 4. e3 Bd6 5. Nc3 f5 6. cxd5 exd5 7. Bd3 Nf6 8. Qc2
g6 9. Bd2 Nbd7 10. Ne2 Qe7 11. O-O-O Ne4 12. Rdf1 Ndf6 13. Ng3 Bd7 14. Kb1 h5
15. Bxe4 dxe4 16. Ng1 h4 17. N3e2 Nd5 18. Nc3 Nb4 19. Qd1 Be6 20. f4 Bc4 21.
Nge2 Qf7 22. a3 Bd3+ 23. Kc1 Na2+ 24. Nxa2 Qxa2 25. Bc3 Bxa3 26. bxa3 Bxe2 27.
Rf2 Qxa3+ 0-1

[Event "?"]
[Site "?"]
[Date "2009.12.28"]
[Round "4.15"]
[White "Perestjuk, Marko"]
[Black "Schirrmacher, Carsten"]
[Result "1/2-1/2"]
[WhiteElo "1902"]
[BlackElo "2065"]
[PlyCount "83"]
[EventDate "2010.??.??"]

1. e4 e5 2. Nf3 Nc6 3. d4 exd4 4. Bc4 Nf6 5. O-O Nxe4 6. Re1 d5 7. Bxd5 Qxd5 8.
Nc3 Qa5 9. Nxe4 Be6 10. Neg5 O-O-O 11. Nxe6 fxe6 12. Rxe6 Bd6 13. Bg5 Rde8 14.
Qe2 Kd7 15. Re1 Qxe1+ 16. Nxe1 Rxe6 17. Qg4 Rhe8 18. Nd3 h6 19. Bf4 Kd8 20. h4
Bxf4 21. Nxf4 Re1+ 22. Kh2 R8e7 23. Qf5 Ne5 24. Kg3 Nf7 25. Qd5+ Nd6 26. Qxd4
g5 27. hxg5 hxg5 28. Nd3 R1e4 29. Qxa7 Nf5+ 30. Kh2 Rh4+ 31. Kg1 Reh7 32. f3 g4
33. Qa8+ Ke7 34. fxg4 Rh1+ 35. Kf2 Nd6 36. Qa3 Rf7+ 37. Ke2 Kd8 38. Qa8+ Ke7
39. Qa5 Kd8 40. Qa8+ Ke7 41. Qa5 Kd8 42. Qa8+ 1/2-1/2

[Event "?"]
[Site "?"]
[Date "2009.12.28"]
[Round "4.16"]
[White "Francke, Joerg"]
[Black "Schrodt, Horst"]
[Result "0-1"]
[WhiteElo "2053"]
[BlackElo "1673"]
[PlyCount "110"]
[EventDate "2010.??.??"]

1. d4 d5 2. Nf3 c6 3. Bf4 Nf6 4. h3 Bf5 5. e3 e6 6. c3 Nbd7 7. Nbd2 h6 8. Ne5
c5 9. Be2 cxd4 10. exd4 Be7 11. O-O O-O 12. Re1 Rc8 13. Bf1 Qb6 14. Qb3 Rfd8
15. g4 Bh7 16. Bg2 Qa6 17. Nxd7 Nxd7 18. Bxd5 exd5 19. Qxd5 Bf8 20. Qf3 Qc6 21.
Qg3 Nf6 22. Be5 Bd6 23. f4 Ne8 24. f5 Bxe5 25. Rxe5 Rd5 26. Re2 Nf6 27. Nf3
Rdd8 28. Rae1 Re8 29. Ne5 Qc7 30. Qf3 Nd7 31. Nd3 Rxe2 32. Rxe2 Nf6 33. Ne5 Kh8
34. h4 Bg8 35. g5 Nd7 36. Ng4 h5 37. Ne5 Nxe5 38. Qxh5+ Bh7 39. Rxe5 g6 40.
fxg6 fxg6 41. Qf3 Qd6 42. Qxb7 Rb8 43. Qg2 Bg8 44. b4 Rc8 45. Rc5 Re8 46. Qf2
Rf8 47. Qe3 Qa6 48. Qe5+ Kh7 49. Rc7+ Rf7 50. Rxf7+ Bxf7 51. Qf6 Qxa2 52. h5
gxh5 53. Qf2 Qxf2+ 54. Kxf2 Kg6 55. Kf3 Kxg5 0-1

[Event "?"]
[Site "?"]
[Date "2009.12.28"]
[Round "4.17"]
[White "Schlueter, Bernd"]
[Black "Vachkov, Temi"]
[Result "1-0"]
[WhiteElo "2004"]
[BlackElo "1804"]
[PlyCount "53"]
[EventDate "2010.??.??"]

1. d4 Nf6 2. Nf3 g6 3. c4 Bg7 4. Nc3 O-O 5. e4 d6 6. Be2 e5 7. O-O exd4 8. Nxd4
c6 9. Be3 Re8 10. Qc2 Qe7 11. f3 d5 12. cxd5 Nxd5 13. Nxd5 cxd5 14. Nb5 Nc6 15.
Bc5 Qe5 16. Rad1 Rd8 17. exd5 Bf5 18. Bd3 Rxd5 19. b4 Rad8 20. Bxf5 Rxd1 21.
Rxd1 Rxd1+ 22. Qxd1 Qxf5 23. Nxa7 h5 24. Nxc6 bxc6 25. a4 Qc8 26. Qd6 Qe8 27.
Qe7 1-0

[Event "?"]
[Site "?"]
[Date "2009.12.28"]
[Round "4.18"]
[White "Mühlhan, Klaus"]
[Black "Ispirjan, Mikael"]
[Result "1-0"]
[WhiteElo "1932"]
[BlackElo "1756"]
[PlyCount "127"]
[EventDate "2010.??.??"]

1. e4 c6 2. d4 d5 3. e5 Bf5 4. g4 Bg6 5. h4 h6 6. h5 Bh7 7. Bd3 Bxd3 8. Qxd3 e6
9. f4 Na6 10. c3 Nc7 11. Be3 Ne7 12. Nf3 Nc8 13. Nbd2 Nb6 14. g5 hxg5 15. fxg5
Qd7 16. b4 O-O-O 17. a4 Kb8 18. a5 Nc8 19. O-O-O a6 20. g6 Qe8 21. Ng5 fxg6 22.
hxg6 Rg8 23. Nf7 Rd7 24. Rdf1 Nb5 25. Kb2 Ne7 26. Nf3 Nf5 27. Rh3 Rc7 28. N3g5
Qd7 29. Nh7 Be7 30. Bg5 Na7 31. Bxe7 Qxe7 32. Nhg5 Nh6 33. Qd2 Nxf7 34. Rxf7
Qe8 35. Rhf3 Nc8 36. Qg2 Re7 37. Rxe7 Nxe7 38. Nf7 Nf5 39. Qg5 Rf8 40. Rh3 Rg8
41. Rh7 Qf8 42. Rh2 Qe8 43. Rf2 Qd7 44. Qg4 Re8 45. Qh3 Qe7 46. Qh2 Rf8 47.
Rxf5 exf5 48. e6+ Ka7 49. Qe5 Re8 50. Nd6 Rf8 51. Nxf5 Qf6 52. e7 Qg5 53. Ne3
Rf2+ 54. Kb3 Qg1 55. Nxd5 Qb1+ 56. Kc4 cxd5+ 57. Kc5 Qb3 58. Qxd5 Qc2 59. Kd6
Rf6+ 60. Kd7 Qh2 61. Kd8 Qh8+ 62. e8=Q Rf8 63. Qc5+ Ka8 64. Qexf8 1-0

[Event "?"]
[Site "?"]
[Date "2009.12.28"]
[Round "4.19"]
[White "Bachran, Boris"]
[Black "Heinrich, Daniela"]
[Result "1-0"]
[WhiteElo "1951"]
[BlackElo "1421"]
[PlyCount "105"]
[EventDate "2010.??.??"]

1. d4 Nf6 2. Nf3 g6 3. Bf4 Bg7 4. c3 d6 5. e3 Nbd7 6. Bc4 c5 7. a4 O-O 8. O-O
Nh5 9. Re1 cxd4 10. cxd4 Nxf4 11. exf4 e6 12. Nc3 Nf6 13. d5 Re8 14. dxe6 Bxe6
15. Bxe6 Rxe6 16. Rxe6 fxe6 17. Qb3 Qd7 18. Re1 Re8 19. Ng5 d5 20. Nb5 h6 21.
Nf3 a6 22. Ne5 Qe7 23. Nxg6 Qc5 24. Nc3 Ng4 25. Re2 Bd4 26. Nd1 Qc1 27. Qd3 Qc4
28. Qxc4 dxc4 29. h3 Nf6 30. Rc2 b5 31. axb5 axb5 32. Nc3 b4 33. Nb5 b3 34.
Rxc4 Bxb2 35. Rb4 Bc1 36. Rxb3 Kg7 37. Rc3 Bd2 38. Rd3 Bc1 39. Rd1 Rc8 40. Ne7
Rc5 41. Nd4 Kf7 42. Nb3 Rc4 43. Nxc1 Kxe7 44. g3 Ne4 45. Re1 Nd2 46. Kg2 Kf6
47. Nd3 h5 48. h4 Rd4 49. Ne5 Ne4 50. Nf3 Rb4 51. Ng5 Nc5 52. Re5 Rc4 53. Rxc5
1-0

[Event "?"]
[Site "?"]
[Date "2009.12.28"]
[Round "4.20"]
[White "Maslov, Maxim"]
[Black "von Bassewitz, Ingo"]
[Result "1-0"]
[WhiteElo "1778"]
[BlackElo "1941"]
[PlyCount "77"]
[EventDate "2010.??.??"]

1. e4 g6 2. d4 d6 3. Nc3 Bg7 4. Bc4 Nf6 5. f3 O-O 6. Be3 c6 7. Nge2 b5 8. Bb3
b4 9. Na4 Ba6 10. c4 bxc3 11. Naxc3 Nbd7 12. Rc1 Rc8 13. Na4 Bxe2 14. Qxe2 e5
15. O-O exd4 16. Bxd4 c5 17. Be3 Nb6 18. Rfd1 Nxa4 19. Bxa4 Qa5 20. Bb3 Rfd8
21. Bf4 Qb6 22. Qc4 Qc7 23. Rd2 Nh5 24. Be3 Rf8 25. Rcd1 Rcd8 26. Ba4 Kh8 27.
b3 f5 28. Bg5 Bf6 29. Bxf6+ Nxf6 30. exf5 gxf5 31. Qe6 Ne8 32. Bxe8 Rdxe8 33.
Qxd6 Qxd6 34. Rxd6 Re2 35. R6d2 Rfe8 36. Kf1 R2e7 37. Rd8 Rxd8 38. Rxd8+ Kg7
39. Rc8 1-0

[Event "?"]
[Site "?"]
[Date "2009.12.28"]
[Round "4.22"]
[White "Haar, Reinhard"]
[Black "Mueller, Klaus"]
[Result "1-0"]
[WhiteElo "1471"]
[BlackElo "2045"]
[PlyCount "120"]
[EventDate "2010.??.??"]

1. d4 d5 2. c4 c6 3. cxd5 cxd5 4. Nc3 Nf6 5. Nf3 e6 6. Bg5 Be7 7. e3 O-O 8. Bd3
Nbd7 9. O-O a6 10. Rc1 b5 11. a3 Bb7 12. Bxf6 Nxf6 13. Qb3 Bd6 14. Ne5 Bxe5 15.
dxe5 Ng4 16. Qd1 Nxe5 17. Bxh7+ Kxh7 18. Qh5+ Kg8 19. Qxe5 Qd7 20. Ne2 Rac8 21.
g3 f6 22. Qd4 e5 23. Qd3 d4 24. Rxc8 Rxc8 25. exd4 e4 26. Qe3 g5 27. Nc3 Re8
28. Re1 Qe7 29. f3 f5 30. fxe4 fxe4 31. d5 Kg7 32. Qd4+ Qe5 33. Rxe4 Qxd4+ 34.
Rxd4 Bc8 35. d6 Bd7 36. Ne4 Re5 37. Kf2 Kf7 38. Nc3 Ke6 39. Re4 Kxd6 40. Rxe5
Kxe5 41. Ke3 g4 42. Ne4 Bc8 43. Ng5 a5 44. Nf7+ Ke6 45. Nh6 Ke5 46. Nf7+ Ke6
47. Ng5+ Ke5 48. Ne4 Bf5 49. Nc3 Bd7 50. Ne2 Be6 51. Nf4 Bd7 52. Nd3+ Kd5 53.
Kf4 Bc8 54. Ne5 a4 55. Nxg4 Kc4 56. h4 Kb3 57. h5 Be6 58. h6 Kxb2 59. h7 Kxa3
60. h8=Q b4 1-0

[Event "?"]
[Site "?"]
[Date "2009.12.28"]
[Round "4.23"]
[White "Neumaier, Hubert"]
[Black "Krueger, Kay"]
[Result "1-0"]
[WhiteElo "1846"]
[BlackElo "1502"]
[PlyCount "60"]
[EventDate "2010.??.??"]

1. e4 c5 2. Nc3 e6 3. f4 d6 4. Nf3 Nf6 5. Bb5+ Bd7 6. Bxd7+ Nbxd7 7. d3 Be7 8.
O-O O-O 9. Qe2 Nb6 10. Nd1 Qc7 11. c4 Nfd7 12. e5 d5 13. Nc3 a6 14. a4 dxc4 15.
dxc4 Rad8 16. b3 Nb8 17. Bb2 Nc6 18. Rad1 h6 19. Ne4 Nc8 20. g4 f5 21. exf6
gxf6 22. Rxd8 Nxd8 23. Qe3 f5 24. Qc3 Kf7 25. Qg7+ Ke8 26. Nf6+ Rxf6 27. Bxf6
Qxf4 28. Qg8+ Bf8 29. Bxd8 Qxg4+ 30. Qxg4 fxg4 1-0

[Event "?"]
[Site "?"]
[Date "2009.12.28"]
[Round "4.24"]
[White "Cech, Tim"]
[Black "Schweitzer, Paul"]
[Result "1-0"]
[WhiteElo "1420"]
[BlackElo "1782"]
[PlyCount "83"]
[EventDate "2010.??.??"]

1. c4 c6 2. d4 d6 3. e4 Nd7 4. Nc3 g6 5. Nf3 Bg7 6. Bd2 f6 7. Bd3 a6 8. a4 Nh6
9. Qc1 Nf7 10. O-O e5 11. b4 exd4 12. Nxd4 Nde5 13. Be2 O-O 14. f4 Nd7 15. Ne6
Qb6+ 16. Be3 c5 17. Nd5 Qa7 18. Nxf8 Bxf8 19. bxc5 dxc5 20. Bg4 f5 21. exf5
gxf5 22. Bxf5 Nb6 23. Nf6+ Kh8 24. Qc2 Bg7 25. Nxh7 Bd4 26. Bxd4+ cxd4 27. Qe4
Bxf5 28. Qxf5 Nxc4 29. Qxf7 d3+ 30. Kh1 Ne3 31. Nf6 b6 32. Qxa7 Rxa7 33. Rf3
Re7 34. Ra2 Nc2 35. h4 d2 36. Rd3 Re1+ 37. Kh2 Ne3 38. Raxd2 Nf1+ 39. Kh3 Nxd2
40. Rxd2 Re3+ 41. g3 Ra3 42. Rd7 1-0

[Event "?"]
[Site "?"]
[Date "2009.12.28"]
[Round "4.25"]
[White "Heinrich, Philipp"]
[Black "Petrak, Falk"]
[Result "1/2-1/2"]
[WhiteElo "1335"]
[BlackElo "1747"]
[PlyCount "97"]
[EventDate "2010.??.??"]

1. f4 {[%emt 0:00:00]} b6 2. Nf3 Bb7 3. d3 d5 4. g3 g6 5. Bg2 Bg7 6. c3 Nf6 7.
O-O O-O 8. Qc2 c5 9. h3 Nc6 10. Nbd2 Rc8 11. e4 d4 12. Kh2 Ba6 13. c4 Nb4 14.
Qb1 Nd7 15. a3 Nc6 16. b4 Bb7 17. b5 Ncb8 18. Bb2 e5 19. fxe5 Nxe5 20. Nxe5
Bxe5 21. Nf3 Bc7 22. Bc1 f6 23. Qc2 Nd7 24. Qf2 Qe7 25. Bh6 Rf7 26. Bd2 Rcf8
27. Bh6 Re8 28. Bd2 Qf8 29. Rae1 Ree7 30. a4 Bc8 31. Qe2 Qe8 32. Nh4 Ne5 33.
Nf3 g5 34. Nxe5 Bxe5 35. Bf3 Qd7 36. Bg4 Qc7 37. Rg1 Bxg4 38. Qxg4 h6 39. Bf4
Qd7 40. Qxd7 Rxd7 41. Bxe5 fxe5 42. Ref1 Rd6 43. Rxf7 Kxf7 44. g4 Rf6 45. Kg2
Kg7 46. Rf1 Rf4 47. Rxf4 exf4 48. Kf2 h5 49. Kf3 1/2-1/2

[Event "?"]
[Site "?"]
[Date "2009.12.28"]
[Round "4.26"]
[White "Toth, Hans-Juergen"]
[Black "Werthmann, Nils"]
[Result "1-0"]
[WhiteElo "1684"]
[BlackElo "1501"]
[PlyCount "115"]
[EventDate "2010.??.??"]

1. f4 d5 2. e3 c5 3. Nf3 Nc6 4. Bb5 Nf6 5. O-O Bd7 6. b3 a6 7. Bxc6 Bxc6 8. Bb2
e6 9. Ne5 Bb5 10. Rf3 Nd7 11. a4 Nxe5 12. Bxe5 Bc6 13. Rg3 Rg8 14. d3 g6 15.
Bb2 Bg7 16. Bxg7 Rxg7 17. Nd2 Qc7 18. Nf3 f6 19. c3 a5 20. Qc2 b6 21. d4 Rc8
22. Rc1 Qb7 23. c4 Rgc7 24. dxc5 dxc4 25. Qxc4 Bd7 26. Qd4 Kf7 27. Ng5+ fxg5
28. fxg5 Rf8 29. Rf3+ Kg8 30. Rxf8+ Kxf8 31. Qh8+ Ke7 32. Qxh7+ Kd8 33. Qh8+
Be8 34. Qf6+ Re7 35. Rd1+ Kc8 36. cxb6 Bf7 37. Qc3+ Rc7 38. bxc7 Qxc7 39. Qxc7+
Kxc7 40. Rc1+ Kb6 41. Kf2 e5 42. Rc3 Bd5 43. g3 Be4 44. Ke1 Bd5 45. Kd2 Be4 46.
Kc1 Bc6 47. Kb2 Be4 48. Rc8 Bf5 49. Re8 e4 50. Kc3 Kc5 51. Re5+ Kb6 52. g4 Bxg4
53. Rxe4 Bf5 54. Re5 Bb1 55. b4 axb4+ 56. Kxb4 Ka6 57. Re6+ Kb7 58. Kc5 1-0

[Event "?"]
[Site "?"]
[Date "2009.12.28"]
[Round "4.27"]
[White "Bielick, Jakob"]
[Black "Nguyen, Anh Van"]
[Result "1-0"]
[WhiteElo "1655"]
[BlackElo "1291"]
[PlyCount "37"]
[EventDate "2010.??.??"]

1. e4 e5 2. Nf3 Nf6 3. Nxe5 d6 4. Nf3 Nxe4 5. d4 Be7 6. Bd3 Nf6 7. Nc3 Bg4 8.
h3 Bh5 9. Bg5 Nc6 10. Bxf6 Bxf6 11. g4 Bg6 12. Nd5 Nxd4 13. Nxf6+ Qxf6 14. Nxd4
Qxd4 15. Bb5+ c6 16. Bxc6+ bxc6 17. Qxd4 Kd7 18. O-O-O d5 19. Qa4 1-0

[Event "?"]
[Site "?"]
[Date "2009.12.28"]
[Round "4.28"]
[White "Mildenberger, Hans"]
[Black "Swoboda, Julia"]
[Result "1-0"]
[WhiteElo "1636"]
[BlackElo "1097"]
[PlyCount "77"]
[EventDate "2010.??.??"]

1. d4 {[%emt 0:00:00]} d5 2. c4 e6 3. Nf3 Nf6 4. e3 Nbd7 5. Bd3 dxc4 6. Bxc4
Be7 7. O-O O-O 8. Nc3 b6 9. Re1 Bb7 10. e4 c5 11. d5 exd5 12. exd5 Bd6 13. Bg5
Qc7 14. Qd2 Ng4 15. h3 Nge5 16. Nxe5 Nxe5 17. Bb3 c4 18. Nb5 Qc5 19. Nxd6 Qxd6
20. Ba4 Bxd5 21. Be7 Qxe7 22. Qxd5 Qb4 23. b3 Nd3 24. Red1 Nb2 25. Bc6 Nxd1 26.
Bxa8 Qe1+ 27. Kh2 cxb3 28. Rxd1 Qe8 29. Bc6 Qb8+ 30. g3 b2 31. Rb1 Rd8 32. Qb3
Qc7 33. Bf3 Qe5 34. Rxb2 g6 35. Re2 Qc7 36. Qb4 Kg7 37. Qb2+ Kg8 38. Qf6 Kf8
39. Qh8# 1-0

[Event "?"]
[Site "?"]
[Date "2009.12.28"]
[Round "4.29"]
[White "Motsch, Sebastian"]
[Black "Neumann, Ingo"]
[Result "0-1"]
[WhiteElo "1045"]
[BlackElo "1609"]
[PlyCount "54"]
[EventDate "2010.??.??"]

1. e4 c5 2. Nf3 Nc6 3. c3 e6 4. d4 cxd4 5. cxd4 d5 6. Bd3 dxe4 7. Bxe4 Bd7 8.
O-O Nf6 9. d5 Nxe4 10. dxc6 Bxc6 11. Qc2 Rc8 12. Nc3 Nxc3 13. bxc3 Be7 14. Be3
b6 15. Rfd1 Qc7 16. Qe2 Bf6 17. Rac1 O-O 18. Rd2 Rfd8 19. c4 Rxd2 20. Bxd2 Qd6
21. Rd1 Rd8 22. Ne1 Bc3 23. Nf3 Bxf3 24. Qxf3 Bxd2 25. Qb7 a5 26. Rb1 Bb4 27.
a3 Qd1+ 0-1

[Event "?"]
[Site "?"]
[Date "2009.12.28"]
[Round "4.30"]
[White "Steppan, Siegfried"]
[Black "Reyher, Susan"]
[Result "1-0"]
[WhiteElo "1591"]
[BlackElo "999"]
[PlyCount "113"]
[EventDate "2010.??.??"]

1. d4 d5 2. c4 dxc4 3. Nf3 Bf5 4. Nc3 Nf6 5. e3 e6 6. Bxc4 Bd6 7. O-O Nbd7 8.
Qe2 Qe7 9. e4 Bg4 10. e5 Bb4 11. exf6 Qxf6 12. Ne4 Qg6 13. Ng3 O-O 14. Bd3 Qf6
15. Ne4 Qe7 16. Bg5 f6 17. Be3 Bf5 18. a3 Ba5 19. b4 Bb6 20. Nc5 Bxc5 21. dxc5
Rad8 22. Bxf5 exf5 23. Qc4+ Kh8 24. Rfe1 Ne5 25. Nxe5 fxe5 26. c6 b6 27. Rad1
Rxd1 28. Rxd1 Rd8 29. Rxd8+ Qxd8 30. Qc2 f4 31. Bc1 Qd5 32. Qd2 Qf7 33. Qd8+
Qg8 34. Qxg8+ Kxg8 35. Bb2 e4 36. Be5 e3 37. fxe3 fxe3 38. Kf1 g6 39. Bxc7 Kf7
40. Bb8 Ke7 41. Bxa7 b5 42. c7 Kd7 43. Bb6 Kc8 44. Ke2 Kb7 45. Kxe3 h5 46. Kf4
Kc8 47. Kg5 h4 48. Kxh4 Kb7 49. Kg5 Kxb6 50. c8=Q Ka7 51. Kxg6 Kb6 52. h4 Ka7
53. h5 Kb6 54. h6 Ka7 55. h7 Kb6 56. h8=Q Ka7 57. Qd4# 1-0